| 000 | 00648nam a2200169Ia 4500 | ||
|---|---|---|---|
| 001 | 139013 | ||
| 003 | 231197 | ||
| 005 | 20201025200536.0 | ||
| 008 | ||||||n9999 ||| || || | ||
| 100 |
_aPinto Leal , Liliana del Carmen _9170079 |
||
| 245 | 0 | _aAnálisis de los costos de la empresa social del estado hospital San Sebastián de morales en las vigencias fiscales 2000-2002 | |
| 562 | _e1 | ||
| 650 |
_aANÁLISIS DE COSTOS--HOSPITAL SAN SEBASTIÁN (SANTANDER, COLOMBIA) _9170080 |
||
| 650 |
_aEMPRESA SOCIAL DEL ESTADO--SANTANDER (COLOMBIA) _9170081 |
||
| 650 |
_aHOSPITAL SAN SEBASTIAN (SANTANDER, COLOMBIA) _9170082 |
||
| 942 | _cTESIS | ||
| 999 |
_c139013 _d139013 |
||